[Event "45th FIDE Chess Olympiad Open"]
[Site "Budapest, Hungary"]
[Date "2024.09.22"]
[Round "11"]
[White "Flores Quillas, Diego Saul Rodri"]
[Black "Blackburn, Jonathan L B"]
[Result "1-0"]
[Board "131"]
[WhiteFideId "3822508"]
[BlackFideId "1801090"]
[WhiteTitle "IM"]
[BlackTitle "FM"]
[WhiteElo "2451"]
[BlackElo "2202"]
[WhiteTeam "Peru"]
[BlackTeam "Wales"]
[WhiteClock "1:05:34"]
[BlackClock "0:21:04"]
[Variant "Standard"]

1. e4 {[%clk 1:30:59]}  e6 {[%clk 1:30:55]} 2. d4 {[%clk 1:31:26]}  d5 {[%clk 1:31:22]} 3. Nc3 {[%clk 1:31:54]}  Nf6 {[%clk 1:31:47]} 4. Bg5 {[%clk 1:32:00]}  dxe4 {[%clk 1:32:12]} 5. Nxe4 {[%clk 1:32:21]}  Be7 {[%clk 1:32:38]} 6. Bxf6 {[%clk 1:32:41]}  gxf6 {[%clk 1:33:05]} 7. Nf3 {[%clk 1:32:51]}  f5 {[%clk 1:33:32]} 8. Nc3 {[%clk 1:33:17]}  a6 {[%clk 1:34:00]} 9. g3 {[%clk 1:33:31]}  b5 {[%clk 1:34:27]} 10. Bg2 {[%clk 1:33:57]}  Bb7 {[%clk 1:34:55]} 11. Qe2 {[%clk 1:34:21]}  c5 {[%clk 1:33:12]} 12. dxc5 {[%clk 1:33:18]}  b4 {[%clk 1:15:43]} 13. Na4 {[%clk 1:31:10]}  Qa5 {[%clk 1:11:01]} 14. b3 {[%clk 1:22:14]}  Bc6 {[%clk 1:03:13]} 15. O-O {[%clk 1:13:52]}  Bxa4 {[%clk 1:01:06]} 16. bxa4 {[%clk 1:14:17]}  Ra7 {[%clk 1:00:11]} 17. Nd4 {[%clk 1:09:55]}  Qxc5 {[%clk 0:58:38]} 18. Nxe6 {[%clk 1:10:01]}  fxe6 {[%clk 0:58:26]} 19. Qxe6 {[%clk 1:10:29]}  Rd7 {[%clk 0:47:24]} 20. Rad1 {[%clk 1:07:19]}  Rf8 {[%clk 0:38:59]} 21. Rxd7 {[%clk 1:05:52]}  Nxd7 {[%clk 0:39:25]} 22. Rd1 {[%clk 1:06:18]}  Nb8 {[%clk 0:36:31]} 23. Bf3 {[%clk 1:06:37]}  Rf6 {[%clk 0:33:37]} 24. Qg8+ {[%clk 1:07:02]}  Bf8 {[%clk 0:33:57]} 25. Bh5+ {[%clk 1:05:15]}  Ke7 {[%clk 0:34:05]} 26. Qxh7+ {[%clk 1:05:39]}  Ke6 {[%clk 0:34:28]} 27. Qb7 {[%clk 1:05:18]}  Bd6 {[%clk 0:20:37]} 28. Re1+ {[%clk 1:05:14]}  Be5 {[%clk 0:21:04]} 29. Qxb8 {[%clk 1:05:34]} 1-0

[Event "45th FIDE Chess Olympiad Open"]
[Site "Budapest, Hungary"]
[Date "2024.09.22"]
[Round "11"]
[White "Bullen, Alex"]
[Black "Fernandez Sanchez, Fernando Miguel"]
[Result "0-1"]
[Board "132"]
[WhiteFideId "1801627"]
[BlackFideId "3802299"]
[WhiteTitle "CM"]
[BlackTitle "IM"]
[WhiteElo "2155"]
[BlackElo "2399"]
[WhiteTeam "Wales"]
[BlackTeam "Peru"]
[WhiteClock "0:14:39"]
[BlackClock "0:23:58"]
[Variant "Standard"]

1. d4 {[%clk 1:30:57]}  Nf6 {[%clk 1:30:55]} 2. Nf3 {[%clk 1:31:17]}  g6 {[%clk 1:31:18]} 3. g3 {[%clk 1:31:37]}  Bg7 {[%clk 1:31:42]} 4. Bg2 {[%clk 1:31:59]}  c5 {[%clk 1:31:48]} 5. dxc5 {[%clk 1:30:35]}  Qa5+ {[%clk 1:32:02]} 6. c3 {[%clk 1:27:37]}  Qxc5 {[%clk 1:32:21]} 7. O-O {[%clk 1:26:43]}  O-O {[%clk 1:32:39]} 8. Be3 {[%clk 1:23:01]}  Qc7 {[%clk 1:32:43]} 9. Na3 {[%clk 1:21:26]}  Nc6 {[%clk 1:30:54]} 10. h3 {[%clk 1:12:54]}  d5 {[%clk 1:27:46]} 11. Qd2 {[%clk 1:08:51]}  Rd8 {[%clk 1:26:17]} 12. Rad1 {[%clk 0:55:00]}  e5 {[%clk 1:25:40]} 13. Bg5 {[%clk 0:54:26]}  Be6 {[%clk 1:25:16]} 14. Nh2 {[%clk 0:52:42]}  Rd7 {[%clk 1:18:38]} 15. Bxf6 {[%clk 0:50:19]}  Bxf6 {[%clk 1:18:57]} 16. e4 {[%clk 0:49:56]}  dxe4 {[%clk 1:17:31]} 17. Qc2 {[%clk 0:48:26]}  Rad8 {[%clk 1:16:56]} 18. g4 {[%clk 0:43:03]}  Bg5 {[%clk 1:03:06]} 19. Rxd7 {[%clk 0:38:35]}  Rxd7 {[%clk 1:01:58]} 20. Bxe4 {[%clk 0:37:42]}  Rd2 {[%clk 1:01:15]} 21. Qb1 {[%clk 0:31:39]}  Qb6 {[%clk 0:57:52]} 22. Nc2 {[%clk 0:26:24]}  Bc4 {[%clk 0:48:25]} 23. Nf3 {[%clk 0:26:38]}  Bxf1 {[%clk 0:48:45]} 24. Nxd2 {[%clk 0:26:57]}  Bxd2 {[%clk 0:44:01]} 25. Kxf1 {[%clk 0:22:48]}  Bxc3 {[%clk 0:44:18]} 26. b3 {[%clk 0:22:50]}  Bd4 {[%clk 0:44:18]} 27. Qe1 {[%clk 0:22:50]}  Qa6+ {[%clk 0:44:18]} 28. Kg2 {[%clk 0:22:50]}  Qxa2 {[%clk 0:41:55]} 29. Bxc6 {[%clk 0:21:31]}  Qxc2 {[%clk 0:42:15]} 30. Bxb7 {[%clk 0:20:17]}  Qxb3 {[%clk 0:42:31]} 31. Qe4 {[%clk 0:20:26]}  Qb2 {[%clk 0:41:54]} 32. Qf3 {[%clk 0:20:42]}  Bxf2 {[%clk 0:41:55]} 33. Bd5 {[%clk 0:19:49]}  Be3+ {[%clk 0:35:35]} 34. Kf1 {[%clk 0:19:06]}  Bf4 {[%clk 0:32:18]} 35. g5 {[%clk 0:17:55]}  Qc1+ {[%clk 0:31:20]} 36. Kg2 {[%clk 0:18:14]}  Qc2+ {[%clk 0:29:44]} 37. Kf1 {[%clk 0:18:30]}  Qf5 {[%clk 0:29:08]} 38. h4 {[%clk 0:18:30]}  Kg7 {[%clk 0:29:08]} 39. Be4 {[%clk 0:18:30]}  Qd7 {[%clk 0:28:55]} 40. Bd5 {[%clk 0:16:28]}  h6 {[%clk 0:27:50]} 41. gxh6+ {[%clk 0:15:02]}  Kxh6 {[%clk 0:28:15]} 42. Bc4 {[%clk 0:14:29]}  Qc7 {[%clk 0:24:09]} 43. Be2 {[%clk 0:14:39]}  Qc1+ {[%clk 0:23:58]} 0-1

[Event "45th FIDE Chess Olympiad Open"]
[Site "Budapest, Hungary"]
[Date "2024.09.22"]
[Round "11"]
[White "Ferreira, Jorge Viterbo"]
[Black "Santos Flores, Alberto"]
[Result "1/2-1/2"]
[Board "133"]
[WhiteFideId "1910850"]
[BlackFideId "3601234"]
[WhiteTitle "GM"]
[BlackTitle "IM"]
[WhiteElo "2535"]
[BlackElo "2168"]
[WhiteTeam "Portugal"]
[BlackTeam "Ecuador"]
[WhiteClock "0:04:14"]
[BlackClock "0:14:03"]
[Variant "Standard"]

1. d4 {[%clk 1:30:57]}  d5 {[%clk 1:30:34]} 2. c4 {[%clk 1:31:19]}  c6 {[%clk 1:29:47]} 3. cxd5 {[%clk 1:31:37]}  cxd5 {[%clk 1:30:11]} 4. Bf4 {[%clk 1:31:59]}  Nf6 {[%clk 1:30:20]} 5. Nc3 {[%clk 1:32:18]}  Nc6 {[%clk 1:30:03]} 6. e3 {[%clk 1:32:39]}  Bf5 {[%clk 1:29:16]} 7. Qb3 {[%clk 1:32:33]}  Na5 {[%clk 1:28:58]} 8. Qa4+ {[%clk 1:32:53]}  Bd7 {[%clk 1:29:23]} 9. Qc2 {[%clk 1:33:14]}  e6 {[%clk 1:27:12]} 10. Bd3 {[%clk 1:31:46]}  Rc8 {[%clk 1:25:27]} 11. Nf3 {[%clk 1:30:44]}  Be7 {[%clk 1:21:22]} 12. h3 {[%clk 1:29:43]}  b5 {[%clk 1:17:03]} 13. a3 {[%clk 1:27:09]}  Nc4 {[%clk 1:12:13]} 14. O-O {[%clk 1:23:58]}  O-O {[%clk 1:02:28]} 15. Rfc1 {[%clk 1:15:04]}  a5 {[%clk 0:58:15]} 16. Qe2 {[%clk 1:04:44]}  b4 {[%clk 0:42:54]} 17. axb4 {[%clk 1:03:50]}  axb4 {[%clk 0:43:21]} 18. Nd1 {[%clk 0:49:27]}  Nd6 {[%clk 0:38:33]} 19. Ne5 {[%clk 0:44:24]}  Rxc1 {[%clk 0:35:39]} 20. Rxc1 {[%clk 0:44:45]}  Qb6 {[%clk 0:35:56]} 21. Nxd7 {[%clk 0:35:01]}  Nxd7 {[%clk 0:36:24]} 22. b3 {[%clk 0:35:16]}  h6 {[%clk 0:30:05]} 23. Bb1 {[%clk 0:26:24]}  Nf6 {[%clk 0:28:27]} 24. Nb2 {[%clk 0:26:14]}  Rc8 {[%clk 0:27:25]} 25. Rxc8+ {[%clk 0:26:17]}  Nxc8 {[%clk 0:27:54]} 26. Qc2 {[%clk 0:26:07]}  Na7 {[%clk 0:27:13]} 27. Nd3 {[%clk 0:22:07]}  Qc6 {[%clk 0:24:38]} 28. Ne5 {[%clk 0:21:35]}  Qxc2 {[%clk 0:22:58]} 29. Bxc2 {[%clk 0:21:59]}  Ne4 {[%clk 0:21:45]} 30. f3 {[%clk 0:18:31]}  Nc3 {[%clk 0:21:57]} 31. Kf2 {[%clk 0:17:08]}  g5 {[%clk 0:18:07]} 32. Bh2 {[%clk 0:15:43]}  Bd6 {[%clk 0:16:40]} 33. Nc6 {[%clk 0:06:59]}  Bxh2 {[%clk 0:16:38]} 34. Nxa7 {[%clk 0:07:25]}  Bd6 {[%clk 0:16:52]} 35. Bd3 {[%clk 0:06:25]}  f6 {[%clk 0:15:12]} 36. Ke1 {[%clk 0:05:24]}  Kf7 {[%clk 0:15:19]} 37. Kd2 {[%clk 0:05:23]}  Ke8 {[%clk 0:14:03]} 38. Nb5 {[%clk 0:04:14]} 1/2-1/2

[Event "45th FIDE Chess Olympiad Open"]
[Site "Budapest, Hungary"]
[Date "2024.09.22"]
[Round "11"]
[White "Noboa Silva, Kevin"]
[Black "Pereira, Ruben"]
[Result "1-0"]
[Board "134"]
[WhiteFideId "3618471"]
[BlackFideId "1903063"]
[WhiteTitle "FM"]
[BlackTitle "IM"]
[WhiteElo "2270"]
[BlackElo "2457"]
[WhiteTeam "Ecuador"]
[BlackTeam "Portugal"]
[WhiteClock "0:07:40"]
[BlackClock "0:03:01"]
[Variant "Standard"]

1. d4 {[%clk 1:30:55]}  e6 {[%clk 1:30:44]} 2. c4 {[%clk 1:31:09]}  d5 {[%clk 1:30:51]} 3. Nc3 {[%clk 1:31:26]}  Nf6 {[%clk 1:31:08]} 4. cxd5 {[%clk 1:31:36]}  exd5 {[%clk 1:31:33]} 5. Bg5 {[%clk 1:31:54]}  c6 {[%clk 1:31:40]} 6. e3 {[%clk 1:31:58]}  h6 {[%clk 1:31:55]} 7. Bh4 {[%clk 1:32:07]}  Be7 {[%clk 1:32:02]} 8. Bd3 {[%clk 1:32:03]}  O-O {[%clk 1:32:10]} 9. Nge2 {[%clk 1:32:14]}  Ne8 {[%clk 1:32:04]} 10. Bg3 {[%clk 1:31:25]}  Nd6 {[%clk 1:32:16]} 11. Qc2 {[%clk 1:30:33]}  Re8 {[%clk 1:32:00]} 12. O-O {[%clk 1:29:29]}  Bf8 {[%clk 1:31:18]} 13. h3 {[%clk 1:29:10]}  a5 {[%clk 1:29:27]} 14. a3 {[%clk 1:27:55]}  Na6 {[%clk 1:28:43]} 15. Kh1 {[%clk 1:26:42]}  Bd7 {[%clk 1:26:39]} 16. Ng1 {[%clk 1:24:05]}  Rc8 {[%clk 1:23:16]} 17. Nf3 {[%clk 1:20:24]}  c5 {[%clk 1:19:46]} 18. Ne5 {[%clk 1:09:02]}  Be6 {[%clk 1:00:49]} 19. f4 {[%clk 0:49:51]}  f5 {[%clk 0:58:07]} 20. Qe2 {[%clk 0:40:33]}  Qb6 {[%clk 0:39:21]} 21. Rad1 {[%clk 0:36:29]}  cxd4 {[%clk 0:26:04]} 22. exd4 {[%clk 0:36:42]}  Qb3 {[%clk 0:20:32]} 23. Be1 {[%clk 0:27:50]}  Nb8 {[%clk 0:19:38]} 24. Bb1 {[%clk 0:25:53]}  Ne4 {[%clk 0:16:35]} 25. Bxe4 {[%clk 0:25:25]}  dxe4 {[%clk 0:16:14]} 26. d5 {[%clk 0:25:12]}  Rxc3 {[%clk 0:14:39]} 27. Bxc3 {[%clk 0:23:18]}  Bxd5 {[%clk 0:15:05]} 28. Qh5 {[%clk 0:22:13]}  Rd8 {[%clk 0:12:14]} 29. Qxf5 {[%clk 0:18:19]}  Nc6 {[%clk 0:09:49]} 30. Ng4 {[%clk 0:13:57]}  Rd6 {[%clk 0:07:28]} 31. Ne3 {[%clk 0:12:40]}  Ne7 {[%clk 0:07:45]} 32. Qh5 {[%clk 0:11:09]}  Bf7 {[%clk 0:05:35]} 33. Qe5 {[%clk 0:09:06]}  Nd5 {[%clk 0:02:42]} 34. Nxd5 {[%clk 0:05:12]}  Bxd5 {[%clk 0:02:40]} 35. Rd2 {[%clk 0:03:56]}  e3 {[%clk 0:02:28]} 36. Qxe3 {[%clk 0:04:12]}  Re6 {[%clk 0:02:26]} 37. Qg3 {[%clk 0:04:01]}  Qb5 {[%clk 0:01:51]} 38. Rfd1 {[%clk 0:03:55]}  Be4 {[%clk 0:01:59]} 39. f5 {[%clk 0:01:09]}  Qxf5 {[%clk 0:01:27]} 40. Rf2 {[%clk 0:01:04]}  Rg6 {[%clk 0:00:47]} 41. Rxf5 {[%clk 0:21:23]}  Rxg3 {[%clk 0:31:11]} 42. Rf2 {[%clk 0:21:06]}  Bc5 {[%clk 0:23:47]} 43. Bd4 {[%clk 0:19:34]}  Rxh3+ {[%clk 0:23:44]} 44. Kg1 {[%clk 0:20:03]}  Rh5 {[%clk 0:24:03]} 45. Bxc5 {[%clk 0:15:34]}  Rxc5 {[%clk 0:24:23]} 46. Rd4 {[%clk 0:15:57]}  Bc6 {[%clk 0:24:24]} 47. Rg4 {[%clk 0:16:08]}  a4 {[%clk 0:23:17]} 48. Rd2 {[%clk 0:14:44]}  Kf7 {[%clk 0:22:41]} 49. Rg3 {[%clk 0:12:55]}  Rb5 {[%clk 0:21:04]} 50. Kf2 {[%clk 0:10:41]}  Rf5+ {[%clk 0:20:57]} 51. Ke1 {[%clk 0:09:57]}  Re5+ {[%clk 0:21:13]} 52. Kd1 {[%clk 0:09:46]}  Rf5 {[%clk 0:21:07]} 53. Rd6 {[%clk 0:08:30]}  Rf2 {[%clk 0:19:20]} 54. Rdg6 {[%clk 0:06:58]}  Rxb2 {[%clk 0:19:41]} 55. Rxg7+ {[%clk 0:07:23]}  Kf6 {[%clk 0:18:29]} 56. Ke1 {[%clk 0:05:12]}  Be4 {[%clk 0:13:16]} 57. Rg8 {[%clk 0:05:12]}  Bd5 {[%clk 0:10:18]} 58. R8g4 {[%clk 0:05:19]}  h5 {[%clk 0:06:17]} 59. Rg6+ {[%clk 0:05:19]}  Kf7 {[%clk 0:06:25]} 60. Rg7+ {[%clk 0:05:01]}  Kf6 {[%clk 0:06:01]} 61. Kf1 {[%clk 0:03:34]}  h4 {[%clk 0:05:01]} 62. R3g6+ {[%clk 0:03:53]}  Kf5 {[%clk 0:05:20]} 63. Rg5+ {[%clk 0:04:04]}  Kf6 {[%clk 0:05:41]} 64. R7g6+ {[%clk 0:04:24]}  Kf7 {[%clk 0:06:04]} 65. Rh6 {[%clk 0:04:24]}  Bc4+ {[%clk 0:05:19]} 66. Kg1 {[%clk 0:04:53]}  b5 {[%clk 0:02:19]} 67. Rxh4 {[%clk 0:05:17]}  Rb3 {[%clk 0:01:12]} 68. Rh3 {[%clk 0:05:35]}  Kf6 {[%clk 0:01:40]} 69. Rc5 {[%clk 0:05:42]}  Ke6 {[%clk 0:01:20]} 70. Rh6+ {[%clk 0:05:29]}  Ke7 {[%clk 0:01:28]} 71. Rc7+ {[%clk 0:05:48]}  Kf8 {[%clk 0:01:23]} 72. Rh8+ {[%clk 0:05:52]}  Bg8 {[%clk 0:01:52]} 73. Rc8+ {[%clk 0:06:15]}  Ke7 {[%clk 0:02:15]} 74. Rhxg8 {[%clk 0:06:33]}  Rxa3 {[%clk 0:02:40]} 75. Rb8 {[%clk 0:06:35]}  Rb3 {[%clk 0:02:56]} 76. Rg6 {[%clk 0:06:52]}  a3 {[%clk 0:02:43]} 77. Rb7+ {[%clk 0:07:17]}  Kf8 {[%clk 0:03:01]} 78. Ra6 {[%clk 0:07:40]} 1-0

[Event "45th FIDE Chess Olympiad Open"]
[Site "Budapest, Hungary"]
[Date "2024.09.22"]
[Round "11"]
[White "Sousa, Andre Ventura"]
[Black "Garzon Zapatanga,Christopher Leonel"]
[Result "1/2-1/2"]
[Board "135"]
[WhiteFideId "1917617"]
[BlackFideId "3634787"]
[WhiteTitle "IM"]
[WhiteElo "2403"]
[BlackElo "2216"]
[WhiteTeam "Portugal"]
[BlackTeam "Ecuador"]
[WhiteClock "0:15:06"]
[BlackClock "0:23:37"]
[Variant "Standard"]

1. e4 {[%clk 1:30:58]}  c5 {[%clk 1:30:13]} 2. Nf3 {[%clk 1:31:24]}  d6 {[%clk 1:30:39]} 3. d4 {[%clk 1:31:50]}  cxd4 {[%clk 1:31:04]} 4. Nxd4 {[%clk 1:32:17]}  Nf6 {[%clk 1:31:26]} 5. Nc3 {[%clk 1:32:45]}  a6 {[%clk 1:31:51]} 6. Bd3 {[%clk 1:33:11]}  e5 {[%clk 1:31:56]} 7. Nde2 {[%clk 1:33:37]}  Be7 {[%clk 1:32:03]} 8. O-O {[%clk 1:34:01]}  O-O {[%clk 1:32:19]} 9. Ng3 {[%clk 1:34:29]}  Be6 {[%clk 1:28:26]} 10. Nd5 {[%clk 1:34:53]}  Bxd5 {[%clk 1:27:03]} 11. exd5 {[%clk 1:35:20]}  Nbd7 {[%clk 1:26:22]} 12. Nf5 {[%clk 1:33:29]}  Re8 {[%clk 1:20:29]} 13. Nxe7+ {[%clk 1:33:06]}  Qxe7 {[%clk 1:20:44]} 14. c4 {[%clk 1:31:11]}  a5 {[%clk 1:14:04]} 15. Re1 {[%clk 1:30:39]}  Nc5 {[%clk 1:13:46]} 16. Bc2 {[%clk 1:27:54]}  Nfd7 {[%clk 1:10:08]} 17. Be3 {[%clk 1:26:05]}  e4 {[%clk 1:05:29]} 18. Bd4 {[%clk 1:26:20]}  f5 {[%clk 1:05:04]} 19. f4 {[%clk 1:25:01]}  Qh4 {[%clk 1:00:33]} 20. Qd2 {[%clk 1:21:02]}  Nf6 {[%clk 0:56:25]} 21. g3 {[%clk 1:19:25]}  Qh6 {[%clk 0:56:07]} 22. Rad1 {[%clk 1:09:51]}  b6 {[%clk 0:51:39]} 23. b3 {[%clk 1:05:56]}  Ng4 {[%clk 0:47:59]} 24. Qg2 {[%clk 1:03:13]}  Re7 {[%clk 0:43:06]} 25. h3 {[%clk 1:03:35]}  Nf6 {[%clk 0:43:32]} 26. Re3 {[%clk 1:00:22]}  Rae8 {[%clk 0:42:22]} 27. Rf1 {[%clk 0:57:23]}  Qg6 {[%clk 0:37:16]} 28. Bd1 {[%clk 0:53:56]}  h5 {[%clk 0:34:37]} 29. Kh2 {[%clk 0:52:50]}  Qh6 {[%clk 0:31:36]} 30. Qd2 {[%clk 0:50:21]}  Nfd7 {[%clk 0:26:13]} 31. Qe2 {[%clk 0:49:03]}  g6 {[%clk 0:26:31]} 32. Bc2 {[%clk 0:48:07]}  Qf8 {[%clk 0:23:56]} 33. Qd2 {[%clk 0:45:00]}  Nd3 {[%clk 0:15:37]} 34. Ba1 {[%clk 0:33:28]}  h4 {[%clk 0:14:58]} 35. gxh4 {[%clk 0:30:31]}  Qh6 {[%clk 0:14:59]} 36. Rg3 {[%clk 0:30:47]}  N3e5 {[%clk 0:15:03]} 37. Qg2 {[%clk 0:16:08]}  Nf3+ {[%clk 0:15:06]} 38. Rfxf3 {[%clk 0:16:34]}  exf3 {[%clk 0:15:30]} 39. Rxg6+ {[%clk 0:17:01]}  Kf8 {[%clk 0:15:52]} 40. Rxh6 {[%clk 0:12:45]}  fxg2 {[%clk 0:16:11]} 41. Bxf5 {[%clk 0:13:01]}  g1=Q+ {[%clk 0:12:58]} 42. Kxg1 {[%clk 0:13:26]}  Re1+ {[%clk 0:13:23]} 43. Kf2 {[%clk 0:13:49]}  Rxa1 {[%clk 0:13:47]} 44. Bxd7 {[%clk 0:12:57]}  Rxa2+ {[%clk 0:12:45]} 45. Kf3 {[%clk 0:13:18]}  Re1 {[%clk 0:07:47]} 46. Ba4 {[%clk 0:29:20]}  Ke7 {[%clk 0:30:24]} 47. Kg4 {[%clk 0:29:09]}  Rg2+ {[%clk 0:28:43]} 48. Kh5 {[%clk 0:25:01]}  Re4 {[%clk 0:26:07]} 49. Rh7+ {[%clk 0:23:34]}  Kf6 {[%clk 0:26:21]} 50. Rd7 {[%clk 0:18:04]}  Rxf4 {[%clk 0:23:35]} 51. Rxd6+ {[%clk 0:18:31]}  Kg7 {[%clk 0:23:45]} 52. Rd7+ {[%clk 0:14:53]}  Kf6 {[%clk 0:23:00]} 53. Rd6+ {[%clk 0:15:09]}  Kg7 {[%clk 0:23:21]} 54. Rd7+ {[%clk 0:14:40]}  Kf6 {[%clk 0:23:37]} 55. Rd6+ {[%clk 0:15:06]} 1/2-1/2

[Event "45th FIDE Chess Olympiad Open"]
[Site "Budapest, Hungary"]
[Date "2024.09.22"]
[Round "11"]
[White "Mieles Palau, Daniel"]
[Black "Barria Santos, Jose Guilherme"]
[Result "1/2-1/2"]
[Board "136"]
[WhiteFideId "3600467"]
[BlackFideId "1939300"]
[WhiteTitle "IM"]
[BlackTitle "FM"]
[WhiteElo "2321"]
[BlackElo "2411"]
[WhiteTeam "Ecuador"]
[BlackTeam "Portugal"]
[WhiteClock "0:05:21"]
[BlackClock "0:11:03"]
[Variant "Standard"]

1. c4 {[%clk 1:30:58]}  Nf6 {[%clk 1:30:55]} 2. Nf3 {[%clk 1:30:22]}  g6 {[%clk 1:31:19]} 3. g3 {[%clk 1:27:41]}  Bg7 {[%clk 1:31:42]} 4. Bg2 {[%clk 1:28:07]}  O-O {[%clk 1:32:06]} 5. O-O {[%clk 1:28:34]}  d6 {[%clk 1:32:32]} 6. d4 {[%clk 1:25:08]}  Nbd7 {[%clk 1:32:57]} 7. Nc3 {[%clk 1:25:18]}  e5 {[%clk 1:33:22]} 8. e4 {[%clk 1:24:47]}  exd4 {[%clk 1:33:47]} 9. Nxd4 {[%clk 1:25:13]}  Re8 {[%clk 1:33:41]} 10. h3 {[%clk 1:23:53]}  Nc5 {[%clk 1:33:50]} 11. Re1 {[%clk 1:23:35]}  c6 {[%clk 1:34:14]} 12. Bf4 {[%clk 1:23:16]}  Nh5 {[%clk 1:33:04]} 13. Be3 {[%clk 1:22:42]}  Nf6 {[%clk 1:33:29]} 14. Bf4 {[%clk 1:15:48]}  Nh5 {[%clk 1:33:48]} 15. Be3 {[%clk 1:15:18]}  a5 {[%clk 1:34:13]} 16. Qc2 {[%clk 1:10:43]}  Qe7 {[%clk 1:29:34]} 17. Rad1 {[%clk 1:10:28]}  a4 {[%clk 1:23:39]} 18. a3 {[%clk 1:05:47]}  Nf6 {[%clk 1:20:35]} 19. Bf4 {[%clk 0:42:33]}  Nfd7 {[%clk 1:18:52]} 20. Nf3 {[%clk 0:40:44]}  Ne5 {[%clk 1:05:08]} 21. Nxe5 {[%clk 0:40:51]}  dxe5 {[%clk 1:04:38]} 22. Be3 {[%clk 0:41:12]}  Bf8 {[%clk 1:05:06]} 23. Bxc5 {[%clk 0:32:30]}  Qxc5 {[%clk 1:05:32]} 24. Nxa4 {[%clk 0:32:55]}  Qa7 {[%clk 1:05:58]} 25. Nc3 {[%clk 0:27:42]}  Be6 {[%clk 1:06:23]} 26. Bf1 {[%clk 0:26:52]}  h5 {[%clk 1:06:49]} 27. h4 {[%clk 0:21:39]}  Kg7 {[%clk 1:07:14]} 28. Kg2 {[%clk 0:21:37]}  Be7 {[%clk 1:07:39]} 29. Be2 {[%clk 0:19:02]}  Rh8 {[%clk 1:08:03]} 30. Rh1 {[%clk 0:18:36]}  Bc5 {[%clk 1:00:40]} 31. f4 {[%clk 0:18:26]}  Rad8 {[%clk 1:00:13]} 32. f5 {[%clk 0:17:38]}  Bc8 {[%clk 1:00:37]} 33. Rhf1 {[%clk 0:17:58]}  Be7 {[%clk 0:59:38]} 34. Qc1 {[%clk 0:16:40]}  Rxd1 {[%clk 0:49:30]} 35. Nxd1 {[%clk 0:16:14]}  Qd4 {[%clk 0:40:54]} 36. Qe3 {[%clk 0:08:01]}  Qd8 {[%clk 0:29:01]} 37. Qf3 {[%clk 0:07:35]}  Bf6 {[%clk 0:29:26]} 38. Ne3 {[%clk 0:06:50]}  Qe7 {[%clk 0:28:48]} 39. Rd1 {[%clk 0:06:50]}  Rd8 {[%clk 0:28:11]} 40. Rxd8 {[%clk 0:06:43]}  Qxd8 {[%clk 0:28:34]} 41. c5 {[%clk 0:07:03]}  Qa5 {[%clk 0:12:19]} 42. b4 {[%clk 0:29:12]}  Qxa3 {[%clk 0:30:18]} 43. fxg6 {[%clk 0:29:37]}  Qxb4 {[%clk 0:30:43]} 44. gxf7 {[%clk 0:29:54]}  Qxc5 {[%clk 0:30:31]} 45. Nf5+ {[%clk 0:09:35]}  Bxf5 {[%clk 0:30:58]} 46. Qxf5 {[%clk 0:10:00]}  Kxf7 {[%clk 0:31:22]} 47. Qxh5+ {[%clk 0:07:56]}  Kg7 {[%clk 0:23:22]} 48. Qg4+ {[%clk 0:07:59]}  Kf7 {[%clk 0:23:51]} 49. h5 {[%clk 0:08:11]}  b5 {[%clk 0:22:32]} 50. Qg6+ {[%clk 0:07:57]}  Ke7 {[%clk 0:22:58]} 51. h6 {[%clk 0:08:04]}  Qc2 {[%clk 0:22:46]} 52. Kf3 {[%clk 0:08:17]}  Qb3+ {[%clk 0:23:05]} 53. Kg2 {[%clk 0:08:33]}  Qc2 {[%clk 0:23:31]} 54. Kf3 {[%clk 0:04:17]}  Qb3+ {[%clk 0:23:58]} 55. Kg4 {[%clk 0:04:20]}  Qe6+ {[%clk 0:21:23]} 56. Qf5 {[%clk 0:04:49]}  Qg8+ {[%clk 0:21:48]} 57. Kh5 {[%clk 0:02:23]}  b4 {[%clk 0:11:44]} 58. h7 {[%clk 0:01:18]}  Qf7+ {[%clk 0:11:13]} 59. Qg6 {[%clk 0:01:08]}  b3 {[%clk 0:09:54]} 60. Qxf7+ {[%clk 0:00:37]}  Kxf7 {[%clk 0:10:17]} 61. Kh6 {[%clk 0:00:47]}  b2 {[%clk 0:07:48]} 62. Bc4+ {[%clk 0:01:03]}  Kf8 {[%clk 0:08:15]} 63. Ba2 {[%clk 0:01:30]}  Bg7+ {[%clk 0:08:24]} 64. Kg6 {[%clk 0:01:56]}  Bh8 {[%clk 0:08:52]} 65. g4 {[%clk 0:02:21]}  Bg7 {[%clk 0:09:19]} 66. Kf5 {[%clk 0:02:08]}  Bh8 {[%clk 0:09:45]} 67. Ke6 {[%clk 0:02:32]}  Kg7 {[%clk 0:10:09]} 68. Kxe5 {[%clk 0:02:52]}  Kxh7+ {[%clk 0:10:28]} 69. Kf5 {[%clk 0:02:41]}  Bc3 {[%clk 0:10:26]} 70. e5 {[%clk 0:03:07]}  Kg7 {[%clk 0:10:54]} 71. g5 {[%clk 0:03:27]}  Bb4 {[%clk 0:08:50]} 72. Bb1 {[%clk 0:03:46]}  Be7 {[%clk 0:09:17]} 73. g6 {[%clk 0:04:10]}  Bh4 {[%clk 0:09:40]} 74. Ke6 {[%clk 0:04:35]}  Kf8 {[%clk 0:10:09]} 75. Kd6 {[%clk 0:04:05]}  Bg3 {[%clk 0:09:40]} 76. Ke6 {[%clk 0:03:22]}  Bh4 {[%clk 0:10:05]} 77. Bc2 {[%clk 0:03:47]}  Bg5 {[%clk 0:09:21]} 78. Kd7 {[%clk 0:04:04]}  c5 {[%clk 0:09:42]} 79. Kd6 {[%clk 0:04:24]}  c4 {[%clk 0:09:59]} 80. Kc5 {[%clk 0:04:31]}  c3 {[%clk 0:10:25]} 81. Kd4 {[%clk 0:04:57]}  Bf4 {[%clk 0:10:36]} 82. Kxc3 {[%clk 0:05:21]}  Bxe5+ {[%clk 0:11:03]} 1/2-1/2